Statistics for NFL Cities Map Quiz

Click here to take the quiz!

General Stats

  • This quiz has been taken 79,882 times
    (7,505 since last reset)
  • The average score is 21 of 30

Answer Stats

Answer % Correct
Seahawks
91%
Chargers /
Rams
82%
Cardinals
80%
49ers
80%
Broncos
79%
Raiders
77%
Texans
77%
Giants /
Jets
75%
Packers
75%
Saints
75%
Vikings
74%
Dolphins
74%
Patriots
74%
Bears
73%
Lions
72%
Titans
71%
Chiefs
71%
Cowboys
71%
Falcons
70%
Jaguars
69%
Panthers
68%
Bills
67%
Colts
66%
Buccaneers
66%
Steelers
65%
Redskins
64%
Browns
63%
Eagles
62%
Bengals
61%
Ravens
53%

Score Distribution

Percentile by Number Answered

Percent of People with Each Score

Your Score History

You have not taken this quiz since the last reset